La vie d’Adèle - Statistiques

Statistiques générales
  • Ce quiz a été pris 4 fois
  • Le résultat moyen est 6 sur 14
Statistiques - réponses
Hint Réponse % Correct
combien de fois j'ai demenage 7
75%
ma couleur pref orange
75%
ma note en philo au bac 8
50%
quel classe j'ai sauter ce2
50%
tiphaine ou marie marie
50%
tom ou yanis (pas en beauté) yanis
50%
ma date de naissance 16 novembre 2006
25%
mes 3 prénoms Adèle marie morgane
25%
mon crush BBBBBBBBBBBBBBBBBBBBBBBBBBBBBBBBBBBBBBBBB bartolomeo
25%
le prenom de ma soeur clemence
25%
le prenom de mon frere come
25%
mon artiste pref josman
25%
ou habite ma mere maulette
25%
mon signe astro scorpion
25%
Aucun quiz correspondant
Distribution des résultats
% des personnes avec chaque résultat
Percentile par nombre de réponses
Votre historique - résultats
Vous n’avez pas pris ce quiz